Australian Geography by First Three Letters - Statistics

General Stats
  • This quiz has been taken 247 times
    221 since last reset
  • The average score is 15 of 20
Answer Stats
Letters Category Answer % Correct
KOA Animal Koala
98%
QUE State Queensland
98%
TAS Sea Tasman
98%
GRE Reef Great Barrier
95%
HOB City Hobart
93%
ULU Rock Uluru
93%
YOR Cape York
88%
MUR River Murray
87%
BON Beach Bondi
83%
OPE Building Opera House
80%
EYR Lake Eyre
74%
BOT Bay Botany
73%
JAC Port Jackson
65%
TOR Strait Torres
64%
FRA Island Fraser
58%
HUN Vally Hunter
58%
WAT Plant Wattle
57%
KAK National Park Kakadu
52%
GRE Desert Great Victorian/Sandy
48%
KOS Mountain Kosciuszko
33%
No matching quizzes found
Score Distribution
Percent of People with Each Score
Percentile by Number Answered
Your Score History
You have not taken this quiz since the last reset